Les principaux films de DEPARDIEU - Statistiques

Statistiques générales
  • Ce quiz a été pris 119 fois
  • Le résultat moyen est 10 sur 35
Statistiques - réponses
Réponse % Correct
Cyrano de Bergerac
79%
La chêvre
78%
Les valseuses
78%
Asterix et Obelix Mission Cléopatre
70%
Les compères
56%
Les fugitifs
56%
Asterix et Obelix contre César
45%
Le dernier métro
43%
Tais toi
43%
Les anges gardiens
39%
Tenue de soirée
38%
Buffet Froid
36%
Germinal
29%
Trop belle pour toi
27%
Sous le soleil de Satan
25%
Inspecteur la bavure
24%
La femme d'à coté
22%
Le Placard
20%
Mon père ce héros
20%
Mammuth
19%
Préparez vos mouchoirs
17%
Le retour de Martin Guerre
16%
Potiche
15%
Le plus beau métier du monde
13%
Maigret
11%
1900
10%
Tous les matins du monde
10%
Camille Claudel
9%
La tête en friche
9%
Saint Amour
7%
L'affaire Dominicci
3%
Merci la vie
3%
Michou d'Auber
2%
36 quais des orfevres
1%
Je n'ai rien oublié
1%
Aucun quiz correspondant
Distribution des résultats
% des personnes avec chaque résultat
Percentile par nombre de réponses
Votre historique - résultats
Vous n’avez pas pris ce quiz